Chivas: Deathcore - Statistics

General Stats
  • This quiz has been taken 5 times
  • The average score is 9 of 10
Answer Stats
Hint Answer % Correct
1 Death note
100%
5 jem zimnego tosta
100%
4 NIENAWIDZĘ WARSZAWY!
100%
2 noWy baTmAN
100%
6 OPIUM!
100%
9 RysunKOwY PoTwóR
100%
3 StaRlink
100%
7 nóż motylkowy
80%
10 Przyjdzie taki dzień gdy będę wolny
60%
8 zabiłem motyla
60%
No matching quizzes found
Score Distribution
Percent of People with Each Score
Percentile by Number Answered
Your Score History
You have not taken this quiz